| 000 | 00441nam a2200157Ia 4500 | ||
|---|---|---|---|
| 008 | 230312s9999||||xx |||||||||||||| ||und|| | ||
| 020 | _a0-07-232305-1 | ||
| 082 |
_a005.133 _bKAM-I |
||
| 100 | _aKamin Samuel , N. | ||
| 245 | 0 | _aIntroduction to Computer Science Using Java | |
| 260 |
_bMcGraw Hill _aBoston _c2002 |
||
| 300 | _a753 | ||
| 546 | _aEng. | ||
| 650 |
_aComputer _vWhat is Programming ? Classes and methods I : Basic |
||
| 942 | _cBK | ||
| 999 |
_c3224 _d3224 |
||